000
00350nam a22001577a 4500
005
20160628150410.0
008
160628b xxu||||| |||| 00| 0 eng d
020
_a
978-0-07-065652-4
041
_a
eng
082
_b
10937
245
_a
Creating Teams with an edge
260
_b
Harvard
300
_a
164
650
_a
Management
_9
241
942
_c
BK
999
_c
4498
_d
4497